| 000 | 00636cab a2200217 4500 | ||
|---|---|---|---|
| 001 | WB3404-23 | ||
| 008 | 090401t1998 xxu||||| |||| 00| 0 eng d | ||
| 035 | _a(Sirsi) u83423 | ||
| 041 | _aeng | ||
| 245 | _aHome repossessions fall | ||
| 260 | _c1998 | ||
| 350 | _a0 | ||
| 490 |
_aFinancial Times _v29 January 1998, 7(1) |
||
| 520 | _aAccording to building society and bank lenders, the number of homes repossessed in 1997 was the lowest level since 1989. | ||
| 650 | _aCOUNCIL OF MORTGAGE LENDERS | ||
| 650 | _aMORTGAGE ARREARS | ||
| 650 | _aREPOSSESSIONS | ||
| 690 | _aHOUSING-FINANCE | ||
| 942 | _n0 | ||
| 948 | _c29/01/1998 | ||
| 999 |
_c52691 _d52691 |
||